Представление документа в формате RUSMARC

ПолеНазваниеЗначение
  Тип записи a
  Библиографический уровень m
001 Контрольный номер RU\bookru\bibl\918437
003 Постоянный идентификатор записи http://www.book.ru/book/918437
005 Дата корректировки 20161026112407.6
010 Индекс ISBN __
a ISBN 978-5-406-03104-9
100 Данные общей обработки 0_
a Данные общей обработки 20150914d2016 mk y0rusy50 ca
101 Язык документа 0_
a Язык текста Русский
102 Страна публикации __
a Страна публикации RU
105 Кодированные данные (монография) __
a Кодированные данные (монография) y ||||000yy
200 Заглавие и сведения об ответственности 1_
a Заглавие Экономическая теория (для бакалавров)
210 Выходные данные __
a Место издания Москва
c Издательство КноРус
d Дата издания 2016
215 Физическое описание __
a Объем 460
330 Аннотация __
a Аннотация Реализованы два важнейших принципа: 1) изложение теории на примере реальной экономики; 2) подача учебного материала в форме, которая обучает аналитическому мышлению. Активно используется компаративный метод (изложение теории через призму неоклассики, институционализма и ордолиберализма; анализ сравнительной международной статистики). Задача пособия — оказать помощь студенту не только в условиях интенсивного изучения курса экономической теории, но и при подготовке к экзамену по макро- и микроэкономике. Для студентов бакалавриата, а также для тех, кто получает второе высшее экономическое образование. Может представлять большой интерес и для преподавателей экономической теории в средней школе.
606 Тематические рубрики __
a Основная рубрика Экономические науки в целом. Экономическая теория
2 Код системы local
608 Указатель предметных рубрик __
a Жанр/форма Учебное пособие
2 Код системы local
675 Индекс УДК __
a Индекс УДК 330(075.8)
z Язык издания rus
686 Индексы других классификаций __
a Классификационный индекс 65.5я73
2 Код системы rubbk
700 Автор _1
a Фамилия Соколинский В.М. и др.
801 Источник записи _1
a Страна RU
b Организация book_ru
c Дата составления 20150914
g Правила каталогизации RCR
856 Электронный адрес документа 4_
u Универсальный указатель ресурса (URL) http://www.book.ru/book/918437
951 __
a http://www.book.ru/book/918437